000 00304nam a22001337a 4500
008 171018b xxu||||| |||| 00| 0 eng d
020 _a9780136154204
041 _aeng
080 _24TH
_a338
100 _a53
101 _aMEN
245 _aSTRATEGIC MANAGEMENT IN ACTION
_cCOULTER,M
942 _2udc
_cBK
999 _c34666
_d34666